What Year Is It - Statistics

General Stats
  • This quiz has been taken 23 times
  • The average score is 2 of 9
Answer Stats
Hint Answer % Correct
Most of the World 2025
95%
Ethiopia 2018
36%
Japan (Reiwa) 5
27%
North Korea 115
14%
Saudi Arabia 1447
14%
Iran 1370
9%
Afghanistan 1403
9%
Nepal 2082
9%
Thailand 2568
5%
No matching quizzes found
Score Distribution
Percent of People with Each Score
Percentile by Number Answered
Your Score History
You have not taken this quiz